| 000 -LEADER |
| fixed length control field |
00638nam a22001337a 4500 |
| 040 ## - CATALOGING SOURCE |
| Transcribing agency |
RUA |
| 082 ## - DEWEY DECIMAL CLASSIFICATION NUMBER |
| Classification number |
AGR SAV 2011 B047 Or.1 |
| 100 ## - MAIN ENTRY--AUTHOR NAME |
| Personal name |
SAVOEURN, CHENNA. |
| 245 ## - TITLE STATEMENT |
| Title |
Agro-ecosystem analysis at osaray commune, tramk ork district, takeo province (ការវិភាគប្រពន្ធ័ក្សេត្របរិស្ថាននៅឃុំអូរសារាយស្រុកត្រាំកក់ខេត្តតាកែវ) |
| 260 ## - PUBLICATION, DISTRIBUTION, ETC. (IMPRINT) |
| Place of publication |
Phnom Penh |
| Name of publisher |
RUA |
| Year of publication |
2011 |
| 300 ## - PHYSICAL DESCRIPTION |
| Number of Pages |
ix.44p. |
| Other physical details |
ill. |
| Dimensions |
29cm. |
| 856 ## - ELECTRONIC LOCATION AND ACCESS |
| Uniform Resource Identifier |
https://drive.google.com/file/d/1wS2PN-eAlbVn4_p0I7dtlueAxzYG6EIo/view?usp=sharing |
| 942 ## - ADDED ENTRY ELEMENTS (KOHA) |
| Koha item type |
AGR |
| 952 ## - LOCATION AND ITEM INFORMATION (KOHA) |
| Withdrawn status [LOCAL, KOHA] |
0 |
| 952 ## - LOCATION AND ITEM INFORMATION (KOHA) |
| Withdrawn status [LOCAL, KOHA] |
0 |
| 952 ## - LOCATION AND ITEM INFORMATION (KOHA) |
| Withdrawn status [LOCAL, KOHA] |
0 |
| 952 ## - LOCATION AND ITEM INFORMATION (KOHA) |
| Withdrawn status [LOCAL, KOHA] |
0 |
| 952 ## - LOCATION AND ITEM INFORMATION (KOHA) |
| Withdrawn status [LOCAL, KOHA] |
0 |
| 952 ## - LOCATION AND ITEM INFORMATION (KOHA) |
| Withdrawn status [LOCAL, KOHA] |
0 |